Guess the Lyrics #59 - Statistics

General Stats
  • This quiz has been taken 1,150 times
    751 since last reset
  • The average score is 105 of 326
Answer Stats
Lyrics % Correct
a
95%
the
91%
an
81%
to
76%
when
75%
When
75%
and
74%
And
74%
is
73%
it
73%
in
72%
be
71%
on
71%
On
71%
she
71%
She
71%
Her
64%
her
64%
what
61%
of
60%
they
60%
that
59%
There
54%
not
52%
all
48%
time,
48%
was
47%
One
45%
one
45%
day,
41%
has
41%
had
40%
at
38%
man,
38%
with
37%
every
35%
never
35%
she's
35%
She's
35%
just
34%
life,
34%
way
34%
out
33%
been
31%
get
31%
did
30%
star
30%
make
29%
gonna
28%
now
27%
Only
27%
tell
27%
two
25%
'Cause
21%
nothing
21%
back
20%
car
20%
hand
20%
made
20%
went
20%
that's
19%
before
17%
knows
17%
Thought
17%
actress,
16%
she'd
16%
even
15%
big
14%
door
14%
seen
14%
dreams
13%
high
13%
Looks
13%
still
13%
stop
13%
stop,
13%
stop!
13%
become
12%
guy
12%
other
12%
Pretty
12%
who's
12%
kids
11%
music
11%
happened
10%
line
10%
Please
10%
school,
10%
Fire
9%
Where's
9%
ass
8%
bring
8%
Pink,
8%
plan?
8%
rock?
8%
rock)
8%
Since
8%
19,
7%
alright
7%
fan
7%
hit
7%
hood
7%
wall,
7%
1985,
6%
1985
6%
actor?
6%
Madonna,
6%
MTV
6%
Nirvana
6%
radio?
6%
radio
6%
shake
6%
singing
6%
skin?
6%
turned
6%
TV?
6%
U2
6%
uncool
6%
Whatever
6%
yellow
6%
1985 - Bowling for Soup
5%
24
5%
Blondie,
5%
Bruce
5%
classic
5%
(Classic
5%
Club,
5%
Crüe
5%
game
5%
hates
5%
preoccupied
5%
shows
5%
Springsteen,
5%
Bizkit
4%
Breakfast
4%
classics,
4%
CPA
4%
Debbie
4%
Duran
4%
Elmo's
4%
enemy
4%
Halen?
4%
husband's
4%
Limp
4%
Mötley
4%
Ozzy
4%
Prozac
4%
reality
4%
Saint
4%
snake
4%
SUV
4%
Van
4%
Wham,
4%
Whitesnake's
4%
average
3%
member
3%
mini-skirt
3%
rocked
3%
sitcoms,
3%
No matching quizzes found
Score Distribution
Percent of People with Each Score
Percentile by Number Answered
Your Score History
You have not taken this quiz since the last reset